000 01369nam a22001577a 4500
999 _c514205
_d514205
008 201014b ||||| |||| 00| 0 eng d
100 _aBaranov, Victoria et al
_918650
245 _aMaternal depression, women's empowerment, and parental investment: evidence from a randomized controlled trial
260 _aThe American Economic review
300 _a110(3), Mar, 2020: p.824-859
520 _aWe evaluate the medium-term impacts of treating maternal depression on women's mental health, financial empowerment, and parenting decisions. We leverage variation induced by a cluster-randomized controlled trial that provided psychotherapy to 903 prenatally depressed mothers in rural Pakistan. It was one of the world's largest psychotherapy interventions, and it dramatically reduced postpartum depression. Seven years after psychotherapy concluded, we returned to the study site to find that impacts on women's mental health had persisted, with a 17 percent reduction in depression rates. The intervention also improved women's financial empowerment and increased both time- and money-intensive parental investments by between 0.2 and 0.3 standard deviations. – Reproduced
650 _aHousehold saving, Borrowing, Debt, Economics of gender, Non-labor discrimination
_918614
773 _aThe American Economic Review
906 _aHEALTH BEHAVIOR
942 _cAR